Insectes - Statistiques

Statistiques générales
  • Ce quiz a été pris 187 fois
  • Le résultat moyen est 16 sur 40
Statistiques - réponses
Par images Réponse % Correct
Coccinelle
93%
Libellule
91%
Sauterelle
87%
gendarme
85%
Frelon
80%
Mante-religieuse
80%
Punaise
76%
Bourdon
74%
Bousier
73%
Moustique tigre
73%
Phasme
71%
Criquet
66%
Grillon
57%
Cigale
52%
Cafard
51%
Pince-oreille
48%
Termite
42%
Éphémère
38%
Papillon monarque
37%
Doryphore
33%
Mouche commune
33%
Abeille commune
31%
Scarabée rhinocéros
31%
Fourmi noire
28%
Charançon
21%
Abeille charpentière
20%
Nèpe
20%
Mouche drosophile
18%
Sphinx
17%
Fourmilion
16%
Guêpe commune
15%
Luciole
15%
Mite
15%
Lucane cerf-volant
13%
Araignée d'eau
11%
Abeille d'eau
9%
Moustique commun
7%
Guêpe maçonne
6%
Fourmi de feu
2%
Agrion élégant
1%
Aucun quiz correspondant
Distribution des résultats
% des personnes avec chaque résultat
Percentile par nombre de réponses
Votre historique - résultats
Vous n’avez pas pris ce quiz